Normal view
MARC view
- Taylor, E. Openshaw
Entry Personal Name
001 - CONTROL NUMBER
- control field: 6500
003 - CONTROL NUMBER IDENTIFIER
- control field: OSt
005 - DATE AND TIME OF LATEST TRANSACTION
- control field: 20241218145645.0
008 - FIXED-LENGTH DATA ELEMENTS
- fixed length control field: 241218|| aca||aabn | a|a d
040 ## - CATALOGING SOURCE
- Original cataloging agency: OSt
- Transcribing agency: OSt
100 ## - HEADING--PERSONAL NAME
- Personal name: Taylor, E. Openshaw
670 ## - SOURCE DATA FOUND
- Source citation: Work cat.: (OSt)1952: Taylor, E. Openshaw ., Utilization of electric energy / , 1961.
